Missing Word: Middle Earth Quiz Stats

 Plays Quiz Updated Aug 27, 2012

Challenge
Share
Tweet
Embed
Score 0/28 Timer 03:00
0 Plays Today
Middle Earth Moniker Missing Word % Correct
Frodo _______Baggins
98.3%
The ___ TowersTwo
95.7%
The ______ of the KingReturn
93%
Helm's ____Deep
85.7%
_______ the Grey/WhiteGandalf
84.8%
The __________ of the RingFellowship
82.3%
Samwise ______Gamgee
80.3%
Peregrin ____Took
79.2%
___ BombadilTom
72.2%
The ________ Pony (Inn)Prancing
71%
Riders of _____Rohan
68.4%
Stewards of ______Gondor
64.1%
Bridge of Khazad-___dûm
62.1%
Fangorn ______Forest
61.5%
Middle Earth Moniker Missing Word % Correct
_____ MorgulMinas
53.9%
Meriadoc __________Brandybuck
50%
______ OakenshieldThorin
48.4%
Witch-king of ______Angmar
42.5%
The Lonely ________Mountain
42.3%
_______ Greenleaf of MirkwoodLegolas
42%
Scouring of the _____Shire
35.7%
Rosie ______Cotton
28.6%
Phial of _________Galadriel
25.8%
_______ Bane (Balrog)Durin's
25.1%
Fredegar (Fatty) ______Bolger
22.5%
_____ LumpkinFatty
21.5%
______ DelvingMichel
15.6%
John Ronald _____ TolkienReuel
14.1%

Today's Daily Dose

Quick Pick
The Muppets

On This Day
December 19th II

You're not logged in!

Compare scores with friends on all Sporcle quizzes.
OR
Log In

You Might Also Like...

Show Comments

Extras

Top Quizzes Today


Score Distribution

Your Account Isn't Verified!

In order to create a playlist on Sporcle, you need to verify the email address you used during registration. Go to your Sporcle Settings to finish the process.

Report this User

Report this user for behavior that violates our Community Guidelines.

Details: